Normal view
MARC view
- Greeno, Roger/Roy chudley
Entry Personal Name
001 - CONTROL NUMBER
- control field: 4685
003 - CONTROL NUMBER IDENTIFIER
- control field: JO-AjAnu
005 - DATE AND TIME OF LATEST TRANSACTION
- control field: 20230606071050.0
008 - FIXED-LENGTH DATA ELEMENTS
- fixed length control field: 230606|| aca||aabn | a|a d
040 ## - CATALOGING SOURCE
- Original cataloging agency: JO-AjAnu
- Transcribing agency: JO-AjAnu
100 ## - HEADING--PERSONAL NAME
- Personal name: Greeno, Roger/Roy chudley
670 ## - SOURCE DATA FOUND
- Source citation: Work cat.: (JO-AjAnu)2426: Greeno, Roger/Roy chudley , author, Building Construction Hand book